000 00431 a2200157 4500
003 OSt
005 20231223131731.0
008 231223b |||||||| |||| 00| 0 eng d
020 _a8170551633
040 _coclc
082 _a891.433
_bJAI/S
245 _aSABDA BADH /
_cVirendra Jain
260 _aNew Delhi:
_bVani Prakashan,
_c2007.
300 _a144p
942 _2ddc
_cBK
_h891.433
_iJAI/S
_k891.433
_mJAI/S
999 _c43550
_d43550